FIFA World Cup 2002 Players II - Statistics

General Stats
  • This quiz has been taken 17 times
  • The average score is 132 of 581
Answer Stats
Hint Answer % Correct
BRA, 7/5 RIVALDO Vitor Borba Ferreira
100%
BRA, 5/2 Ronaldo de Assis Moreira "RONALDINHO"
100%
BRA, 7/8 RONALDO Luis Nazario de Lima
100%
ARG, 3/1 Gabriel Batistuta
93%
BRA, 7 Marcos Evangelista de Morais "CAFU"
93%
GER, 7 Oliver Kahn
93%
CHN, 0(3) Qu Bo
93%
ESP, 4/3 RAUL Gonzalez
93%
BRA, 6/1 ROBERTO CARLOS da Silva Rocha
93%
FRA, 1 Zinedine Zidane
93%
IRL, 4/3 Robbie Keane
87%
POL, 1(1) Tomasz Klos
87%
ENG, 5 Ashley Cole
80%
KOR, 1(3) Cha Du?ri
80%
ENG, 5/1 David Beckham
80%
ENG, 5 David Seaman
80%
FRA, 3 Fabien Barthez
80%
ARG, 0(3)/1 Hernan Crespo
80%
ESP, 5 Iker CASILLAS
80%
ENG, 0(1) Joe Cole
80%
ENG, 5/2 Michael Owen
80%
ENG, 5/1 Sol Campbell
80%
FRA, 2 Thierry Henry
80%
PAR, 4 Celso Ayala
73%
ITA, 4/4 Christian Vieri
73%
ITA, 3 Cristiano Zanetti
73%
FRA, 3 David Trezeguet
73%
ESP, 4/2 Fernando HIERRO
73%
ESP, 3(2)/3 Fernando MORIENTES
73%
ITA, 4 Francesco Totti
73%
ITA, 4 Gianluigi Buffon
73%
SWE, 4/3 Henrik Larsson
73%
ARG, 3 Javier Zanetti
73%
ARG, 2(1) Juan Sebastian Veron
73%
USA, 5/2 Landon Donovan
73%
BRA, 7 Lucimar Ferreira da Silva "LUCIO"
73%
POR, 3 LUIS Filipe Madeira Caeiro FIGO
73%
BRA, 7 MARCOS Roberto Silveira Reis
73%
GER, 6/3 Michael Ballack
73%
KOR, 7/1 Park Ji?sung
73%
BRA, 0(1) Ricardo Izecson dos Santos Leite "KAKA"
73%
ENG, 5/1 Rio Ferdinand
73%
CAM, 3/1 Samuel Eto'o
73%
CRO, 3 Stjepan Tomas
73%
ITA, 1(2)/1 Alessandro Del Piero
67%
POR, 3 Armando Goncalves Teixeira "PETIT"
67%
URU, 3/1 Dario Rodriguez
67%
URU, 3 Dario Silva
67%
CRO, 1 Davor Suker
67%
FRA, 2 Emmanuel Petit
67%
ITA, 3 Fabio Cannavaro
67%
BRA, 7 GILBERTO Aparecido da SILVA
67%
TUR, 7/1 Hakan Sükür
67%
MEX, 3 Johan Rodriguez
67%
GER, 7/5 Miroslav Klose
67%
FRA, 3 Patrick Vieira
67%
MEX, 4 Rafael Marquez
67%
CRC, 3/2 Ronald Gomez
67%
CHN, 1(1) Yang Pu
67%
SWE, 0(2) Zlatan Ibrahimovic
67%
ARG, 3 Ariel Ortega
60%
ESP, 4 Carles PUYOL
60%
NGR, 3 Jay?Jay Okocha
60%
ESP, 2 JOAQUIN Sanchez
60%
FRA, 3 Marcel Desailly
60%
POR, 0(2) Nuno Miguel Soares Pereira Ribeiro "NUNO GOMES"
60%
ITA, 4 Paolo Maldini
60%
POR, 1(1)/1 RUI Manuel Cesar COSTA
60%
ESP, 1(2) Xavier Hernandez "XAVI"
60%
ITA, 3 Alessandro Nesta
53%
FRA, 1 Claude Makelele
53%
ARG, 2(1) Claudio Lopez
53%
DEN, 4/1 Dennis Rommedahl
53%
URU, 0(1)/1 Diego Forlan
53%
ENG, 5/1 Emile Heskey
53%
ITA, 1(1) Filippo Inzaghi
53%
JAP, 4/1 Hidetoshi Nakata
53%
BRA, 1/1 Jenilson Angelo de Souza "JUNIOR"
53%
DEN, 4/4 Jon Dahl Tomasson
53%
POR, 3 JORGE Paulo COSTA Almeida
53%
PAR, 3 Jose Luis Chilavert
53%
BRA, 6 Jose Vitor Roque Jr. "ROQUE JUNIOR"
53%
JAP, 4 Koji Nakata
53%
CRO, 3 Niko Kovac
53%
MEX, 4 Oscar Perez
53%
CAM, 3 Rigobert Song
53%
CRO, 3 Robert Kovac
53%
TUR, 7 Rüstü Recber
53%
KOR, 7/1 Song Chong?gug
53%
DEN, 4 Thomas Gravesen
53%
CRC, 2(1) Wilmer Lopez
53%
GER, 7/1 Bernd Schneider
47%
FRA, 3 Bixente Lizarazu
47%
USA, 0(4) Cobi Jones
47%
BEL, 4 Daniel Van Buyten
47%
ARG, 2 Diego Simeone
47%
SEN, 5 El Hadji Diouf
47%
ITA, 0(2) Gennaro Gattuso
47%
ITA, 4 Gianluca Zambrotta
47%
BRA, 6/1 Jose EDMILSON Gomes de Moraes
47%
BRA, 3(2) Jose KLEBERSON Pereira
47%
ARG, 3 Juan Pablo Sorin
47%
JAP, 3/2 Junichi Inamoto
47%
KOR, 5 Kim Nam?il
47%
KOR, 6(1) Kim Tae?young
47%
KOR, 2(5) Lee Chun?soo
47%
KOR, 3(1)/1 Lee Eul?yong
47%
KOR, 1(1) Lee Min?sung
47%
KOR, 7 Lee Woon?jae
47%
KOR, 5 Lee Young?pyo
47%
FRA, 3 Lilian Thuram
47%
ESP, 3(2) LUIS ENRIQUE
47%
BRA, 4(1) Osvaldo Giroldo Junior "JUNINHO PAULISTA"
47%
ENG, 5 Paul Scholes
47%
POR, 3/3 Pedro Miguel Carreiro Resendes "PAULETA"
47%
ESP, 0(1) SERGIO Gonzalez
47%
GER, 7/1 Thomas Linke
47%
GER, 7 Torsten Frings
47%
MEX, 4/1 Cuahtemoc Blanco
40%
IRL, 4/1 Damien Duff
40%
SWE, 2 Freddie Ljungberg
40%
URU, 0(1) Gonzalo de los Santos
40%
CRO, 1(1)/1 Ivica Olic
40%
MEX, 4/2 Jared Borgetti
40%
ARG, 1(2) Kily Gonzalez
40%
MEX, 0(3) Luis Hernandez
40%
ITA, 0(1) Marco Materazzi
40%
ARG, 3 Mauricio Pochettino
40%
BEL, 2(1) Mbo Mpenza
40%
GER, 0(5)/1 Oliver Bierhoff
40%
GER, 4(2)/1 Oliver Neuville
40%
ARG, 1(2) Pablo Aimar
40%
CAM, 3/1 Patrick M'Boma
40%
CRC, 3/1 Paulo Wanchope
40%
CHN, 1 Qi Hong
40%
POR, 3 RUI JORGE de Sousa Dias Macedo de Oliveira
40%
KSA, 1 Samir Al?Jaber
40%
JAP, 4 Shinji Ono
40%
FRA, 3 Sylvain Wiltord
40%
DEN, 4 Thomas Sørensen
40%
ARG, 3 Walter Samuel
40%
JAP, 1(1) Alessandro Santod "ALEX"
33%
SEN, 4 Aliou Cisse
33%
SWE, 3(1)/1 Anders Svensson
33%
SWE, 0(4) Andreas Andersson
33%
GER, 7 Christoph Metzelder
33%
USA, 4 Claudio Reyna
33%
ENG, 1(2) Darius Vassell
33%
FRA, 0(3) Djibril Cisse
33%
DEN, 3 Ebbe Sand
33%
ESP, 1(2)/1 Gaizka MENDIETA
33%
GER, 0(3) Gerald Asamoah
33%
CAM, 3 GEREMI Sorele Nijtap Fotso
33%
CRC, 3 Gilberto Martinez
33%
KOR, 7 Hong Myung?bo
33%
POL, 3 Jacek Krzynowek
33%
POL, 2 Jerzy Dudek
33%
POR, 3 JOAO Manuel Vieira PINTO
33%
CRO, 3 Josip Simunic
33%
SWE, 3(1) Magnus Svensson
33%
GER, 3(3)/1 Marco Bode
33%
BEL, 4/3 Marc Wilmots
33%
IRL, 4/1 Matt Holland
33%
ESP, 4 Miguel Angel NADAL
33%
ENG, 4 Nicky Butt
33%
SEN, 5/3 Papa Bouba Diop
33%
SEN, 5 Pape Malick Diop
33%
ENG, 0(1) Robbie Fowler
33%
PAR, 4/1 Roque Santa Cruz
33%
IRL, 4 Shay Given
33%
JAP, 3(1)/1 Takayuki Suzuki
33%
ECU, 3 Ulises de la Cruz
33%
KOR, 4(3)/2 Ahn Jung?hwan
27%
URU, 3/1 Alvaro Recoba
27%
JAP, 3 Atsushi Yanagisawa
27%
RSA, 3/1 Benni McCarthy
27%
USA, 5 Brad Friedel
27%
GER, 3/1 Carsten Jancker
27%
GER, 5 Carsten Ramelow
27%
GER, 4(1) Christian Ziege
27%
DEN, 0(1) Claus Jensen
27%
ESP, 1 Curo TORRES
27%
ITA, 4 Damiano Tommasi
27%
ENG, 5 Danny Mills
27%
ESP, 1(1) David ALBELDA
27%
BRA, 0(5) DENILSON de Oliveira Araujo
27%
POL, 3/1 Emmanuel Olisadebe
27%
MEX, 4/1 Gerardo Torrado
27%
TUR, 1(6)/3 Ilhan Mansiz
27%
ESP, 3(2) Ivan HELGUERA
27%
ESP, 4 Javier DE PEDRO
27%
ARG, 1 Jose Chamot
27%
NGR, 3 Joseph Yobo
27%
ITA, 1 Luigi Di Biagio
27%
DEN, 1(2) Martin Jørgensen
27%
CRC, 3/1 Mauricio Wright
27%
SWE, 4/1 Niclas Alexandersson
27%
DEN, 2(1) Niclas Jensen
27%
NGR, 1(1) Nwankwo Kanu
27%
SEN, 3/1 Salif Diao
27%
CRO, 3 Stipe Pletikosa
27%
SWE, 4 Teddy Lucic
27%
SWE, 4 Tobias Linderoth
27%
JAP, 3(1) Tsuneyasu Miyamoto
27%
POR, 3 VITOR Manuel Martins BAIA
27%
BEL, 0(4)/1 Wesley Sonck
27%
FRA, 1(1) Youri Djorkaeff
27%
RSA, 3 Aaron Mokoena
20%
CRO, 3 Alen Boksic
20%
POL, 0(1) Arkadiusz Bak
20%
BEL, 4 Bart Goor
20%
USA, 5/2 Brian McBride
20%
ITA, 4 Christian Panucci
20%
DEN, 1(2) Christian Poulsen
20%
USA, 2(1)/1 Clint Mathis
20%
CRO, 1(1) Dario Simic
20%
ESP, 2 Diego TRISTAN
20%
ECU, 3/1 Edison Mendez
20%
POR, 3 FERNANDO Manuel Silva COUTO
20%
ITA, 1(1) Francesco Coco
20%
URU, 1 Gustavo Mendez
20%
TUR, 3(1) Hakan Ünsal
20%
TUR, 6/2 Hasan Sas
20%
SEN, 3(1)/2 Henri Camara
20%
IRL, 4 Ian Harte
20%
POL, 1 Jacek Bak
20%
GER, 2(5) Jens Jeremies
20%
DEN, 3(1) Jesper Grønkjær
20%
PAR, 1(3)/1 Jorge Luis Campos
20%
POR, 0(2) JORGE Manuel Almeida Gomes de ANDRADE
20%
PAR, 3 Jose Cardozo
20%
PAR, 0(2) Juan Carlos Franco
20%
NGR, 3/1 Julius Aghahowa
20%
POL, 3 Maciej Zurawski
20%
POL, 0(3)/1 Marcin Zewlakow
20%
BRA, 0(1) Marcos Andre Batista dos Santos "VAMPETA"
20%
SWE, 4 Marcus Allbäck
20%
CAM, 3 Marc?Vivien Foe
20%
CRO, 0(2) Mario Stanic
20%
ARG, 1 Matias Almeyda
20%
POL, 2 Michal Zewlakow
20%
CRO, 2(1)/1 Milan Rapaic
20%
SLO, 2(1)/1 Milenko Acimovic
20%
SWE, 4 Olof Mellberg
20%
ENG, 2 Owen Hargreaves
20%
POL, 2(1)/1 Pawel Kryszalowicz
20%
CAM, 3 Pierre Wome
20%
CRO, 3 Robert Jarni
20%
POR, 2(1)/1 Roberto Luis Gaspar de Deus Severo "BETO
20%
CRO, 1 Robert Prosinecki
20%
ESP, 4 Ruben BARAJA
20%
GER, 1(1) Sebastian Kehl
20%
KOR, 6(1)/1 Seol Ki?hyeon
20%
POR, 3 SERGIO Paulo Marceneiro da CONCEICAO
20%
RSA, 2/1 Siyabonga Nomvethe
20%
SEN, 0(1) Souleymane Camara
20%
JAP, 0(1) Takashi Fukunishi
20%
RSA, 3/1 Teboho Mokoena
20%
ENG, 0(4) Teddy Sheringham
20%
BEL, 3(1) Timmy Simons
20%
RUS, 3/1 Valeriy Karpin
20%
NGR, 1 Vincent Enyeama
20%
RUS, 2(1)/1 Vladimir Beschastnykh
20%
CHN, 2 Yang Chen
20%
SLO, 1 Zlatko Zahovic
20%
ECU, 3/1 Agustin Delgado
13%
RUS, 2 Alexey Smertin
13%
TUR, 5 Alpay Ozalan
13%
BRA, 2 ANDERSON Correa POLGA
13%
ITA, 0(2) Angelo Di Livio
13%
DEN, 0(1) Brian Steen Nielsen
13%
CRC, 3 Carlos Castro
13%
NGR, 2 Celestine Babayaro
13%
FRA, 1(2) Christophe Dugarry
13%
IRL, 0(1) David Connolly
13%
ARG, 2 Diego Placente
13%
RUS, 0(3)/1 Dmitriy Sychev
13%
USA, 5 Eddie Pope
13%
TUR, 2 Emre Asik
13%
TUR, 6/1 Emre Belözoglu
13%
FRA, 2 Franck Leboeuf
13%
GER, 0(1) Frank Baumann
13%
IRL, 4/1 Gary Breen
13%
TUN, 3 Hatem Trabelsi
13%
ECU, 3 Ivan Hurtado
13%
CHN, 3 Jiang Jin
13%
BEL, 3/1 Johan Walem
13%
ESP, 4/1 Juan Carlos VALERON
13%
SEN, 4/1 Khalilou Fadiga
13%
ENG, 0(3) Kieron Dyer
13%
RSA, 3/1 Lucas Radebe
13%
SWE, 4 Magnus Hedman
13%
SWE, 0(2) Mattias Jonson
13%
SEN, 2(1) Moussa N'Diaye
13%
IRL, 0(3) Niall Quinn
13%
BEL, 2 Nico Van Kerckhoven
13%
POR, 1 NUNO Miguel FRECHAUT Barreto
13%
ARG, 3 Pablo Cavallero
13%
URU, 3 Pablo Garcia
13%
SEN, 1 Papa Sarr
13%
DEN, 0(1) Peter Løvenkrands
13%
BEL, 2/1 Peter Van Der Heyden
13%
CAM, 0(1) Pierre Njanka
13%
MEX, 0(1) Rafael Garcia
13%
BRA, 0(3) Ricardo Luis Pozzi Rodrigues "RICARDINHO"
13%
CRC, 1(1) Rolando Fonseca
13%
JAP, 4 Seigo Narazaki
13%
IRL, 0(2) Steven Reid
13%
CHN, 1 Sun Jihai
13%
DEN, 4 Thomas Helveg
13%
POL, 2 Tomasz Hajto
13%
POL, 0(1) Tomasz Rzasa
13%
POL, 2(1) Tomasz Waldoch
13%
ENG, 3(1) Trevor Sinclair
13%
TUR, 6(1)/2 Ümit Davala
13%
RUS, 3 Viktor Onopko
13%
ENG, 0(2) Wayne Bridge
13%
CRC, 0(2)/1 Winston Parks
13%
BEL, 4 Yves Vanderhaeghe
13%
KSA, 0(3) Abdullah Jumaan Al?Dosari
7%
POR, 0(1) ABEL Luis da Silva Costa XAVIER
7%
JAP, 1 Akinori Nishizawa
7%
ESP, 0(2) Albert LUQUE
7%
RUS, 0(1) Aleksandr Kerzhakov
7%
TUN, 3 Ali Boumnijel
7%
CAM, 3 Alioum Boukar
7%
RSA, 3 Andre Arendse
7%
POL, 1 Arkadiusz Glowacki
7%
CRO, 1 Boris Zivkovic
7%
TUR, 6/1 Bülent Korkmaz
7%
PAR, 4 Carlos Gamarra
7%
ECU, 1(2) Carlos Tenorio
7%
KOR, 6 Choi Jin?cheul
7%
KOR, 0(1) Choi Tae?uk
7%
KOR, 0(1) Choi Yong?soo
7%
ITA, 2 Cristiano Doni
7%
JAP, 1(2) Daisuke Ichikawa
7%
USA, 2(1) DaMarcus Beasley
7%
PAR, 4 Denis Caniza
7%
GER, 6 Dietmar Hamann
7%
RUS, 1(2) Dmitriy Khokhlov
7%
SLO, 3 Doni Novak
7%
CHN, 2 Du Wei
7%
BRA, 2(2) EDILSON da Silva Ferreira
7%
ECU, 2 Edwin Tenorio
7%
NGR, 2 Efe Sodje
7%
ESP, 2(1) Enrique ROMERO
7%
TUR, 5 Ergün Penbe
7%
BEL, 1 Eric Deflandre
7%
BEL, 1(1) Eric Van Meir
7%
URU, 3 Fabian Carini
7%
CHN, 1 Fan Zhiyi
7%
SEN, 5 Ferdinand Coly
7%
MEX, 0(2) Francisco Palencia
7%
IRL, 2 Gary Kelly
7%
BEL, 4 Geert De Vlieger
7%
BEL, 4 Gert Verheyen
7%
SEN, 0(3) Habib Beye
7%
CHN, 3 Hao Haidong
7%
CRC, 0(2) Hernan Medford
7%
JAP, 0(3)/1 Hiroaki Morishima
7%
NGR, 2 Ifeanyi Udeze
7%
RUS, 2 Igor Semshov
7%
NGR, 2 Ike Shorunmu
7%
NGR, 3 Isaac Okoronkwo
7%
ECU, 1(1) Ivan Kaviedes
7%
POL, 1 Jacek Zielinski
7%
BEL, 3 Jacky Peeters
7%
DEN, 2 Jan Heintze
7%
IRL, 1(1) Jason McAteer
7%
USA, 3 Jeff Agoos
7%
USA, 0(2) Joe?Max Moore
7%
FRA, 1(1) Johan Micoud
7%
SWE, 4 Johan Mjällby
7%
USA, 5/1 John O'Brien
7%
NGR, 1 John Utaka
7%
CAM, 0(1) Joseph?Desire Job
7%
BRA, 0(1) Juliano Haus BELLETTI
7%
PAR, 4 Julio Cesar Caceres
7%
DEN, 0(2) Kasper Bøgelund
7%
JAP, 4 Kazuyuki Toda
7%
IRL, 0(2) Kenny Cunningham
7%
KSA, 2 Khamis Al?Dosari
7%
SEN, 5 Lamine Diatta
7%
CAM, 3 Laureano Bisan Etame?Mayer "LAUREN"
7%
IRL, 0(1) Lee Carsley
7%
CHN, 3 Lie Tie
7%
CHN, 3 Li Weifeng
7%
BRA, 0(2) Luiz Carlos Bombonato Goulart "LUIZAO"
7%
RSA, 3 MacBeth Sibaya
7%
POL, 1 Maciej Murawski
7%
CHN, 2 Ma Mingyu
7%
RUS, 2 Marat Izmailov
7%
URU, 2 Marcelo Romero
7%
POL, 3 Marek Kozminski
7%
ITA, 1 Mark Iuliano
7%
IRL, 4 Mark Kinsella
7%
GER, 1 Marko Rehmer
7%
DEN, 4 Martin Laursen
7%
JAP, 0(1) Masashi Nakayama
7%
CRC, 3 Mauricio Solis
7%
JAP, 0(1) Mitsuo Ogasawara
7%
JAP, 4 Naoki Matsuda
7%
PAR, 0(2)/2 Nelson Cuevas
7%
TUR, 0(2) Nihat Kahveci
7%
POR, 0(1) Nuno Fernando Goncalves da Roca "CAPUCHO"
7%
KSA, 1 Obeid Al?Dosari
7%
TUR, 0(1) Okan Buruk
7%
SEN, 5 Omar Daf
7%
POR, 2(1) PAULO Jorge Gomes BENTO
7%
POL, 0(1) Pawel Sibik
7%
POL, 2 Piotr Swierczewski
7%
CAM, 0(1) Pius N'Diefi
7%
POL, 2 Radoslaw Kaluzny
7%
POL, 1 Radoslaw Majdan
7%
MEX, 4 Ramon Morales
7%
CAM, 3 Raymond Kalla
7%
URU, 0(2)/1 Richard Morales
7%
RUS, 3 Ruslan Nigmatullin
7%
JAP, 1 Ryuzo Morioka
7%
CAM, 2(1) Salomon Olembe
7%
URU, 3 Sebastian Abreu
7%
CHN, 0(2) Shao Jiayi
7%
IRL, 3(1) Steve Finnan
7%
IRL, 4 Steve Staunton
7%
DEN, 4 Stig Tøfting
7%
CHN, 0(1) Su Maozhen
7%
NGR, 2 Taribo West
7%
TUR, 0(3) Tayfur Havutcu
7%
JAP, 3 Tomokazu Myojin
7%
SEN, 5 Tony Sylva
7%
JAP, 0(1) Toshihiro Hattori
7%
FRA, 1(1) Vincent Candela
7%
ITA, 0(1) Vincenzo Montella
7%
CHN, 3 Wu Chengying
7%
CHN, 3 Xu Yunlong
7%
RUS, 3/1 Yegor Titov
7%
TUR, 7 Yildiray Bastürk
7%
KOR, 7/1 Yoo Sang?chul
7%
CHN, 0(2) Yu Genwei
7%
RUS, 3 Yuriy Kovtun
7%
RUS, 3 Yuriy Nikiforov
7%
CHN, 2 Zhao Junzhe
7%
TUN, 3 Ziad Jaziri
7%
TUN, 0(3) Zoubeir Baya
7%
KSA, 2(1) Abdulaziz Khathran
0%
KSA, 2 Abdullah Al?Waked
0%
KSA, 3 Abdullah Zubromawi
0%
TUN, 1(1) Adel Sellimi
0%
KSA, 1(1) Ahmed Al?Dokhi
0%
SLO, 2 Akesander Knavs
0%
SEN, 1 Alassane N'Dour
0%
MEX, 0(1) Alberto Garcia Aspe
0%
URU, 2 Alejandro Lembo
0%
SLO, 3 Ales Ceh
0%
ECU, 1(2) Alex Aguinaga
0%
ECU, 3 Alfonso Obregon
0%
KSA, 2(1) Al Hasan Al?Yami
0%
TUN, 0(3) Ali Zitouni
0%
SEN, 1(1) Amdy Faye
0%
SLO, 3 Amir Karic
0%
SWE, 4 Andreas Jakobsson
0%
RUS, 3 Andrey Solomatin
0%
USA, 5 Anthony Sanneh
0%
TUR, 0(4) Arif Erdem
0%
ECU, 3 Augusto Poroso
0%
NGR, 2 Bartholomew Ogbeche
0%
NGR, 1 Benedict Akwuegbu
0%
CAM, 3 Bill Tchato
0%
RSA, 3 Bradley Carnell
0%
BEL, 1(1) Branko Strupar
0%
MEX, 4 Braulio Luna
0%
PAR, 1 Carlos Bonet
0%
USA, 0(2) Carlos Llamosa
0%
PAR, 2 Carlos Paredes
0%
POL, 1 Cezary Kucharski
0%
ECU, 3 Clever Chala
0%
RSA, 3 Cyril Nzama
0%
CAM, 1(1) Daniel Kome
0%
CRO, 2(1) Daniel Saric
0%
CRO, 1(1) Davor Vugrinec
0%
RSA, 0(1) Delron Buckley
0%
PAR, 1(2) Diego Gavilan
0%
RUS, 1(1) Dmitriy Alenichev
0%
RUS, 0(1) Dmitriy Sennikov
0%
USA, 2(2) Earnie Stewart
0%
USA, 2(1) Eddie Lewis
0%
CRC, 3 Eirick Lonnis
0%
PAR, 2(1) Estanislao Struway
0%
TUR, 7 Fatih Akyel
0%
URU, 0(2) Federico Magallanes
0%
NGR, 1 Femi Opabunmi
0%
KSA, 2 Fouzi Al?Shehri
0%
PAR, 4/1 Francisco Arce
0%
USA, 4 Frankie Hejduk
0%
MEX, 1(2) Gabriel Caballero
0%
NGR, 1 Garba Lawal
0%
RSA, 0(3) George Koumantarakis
0%
URU, 1(1) Gianni Guigou
0%
BEL, 2 Glen De Boeck
0%
URU, 3 Gonzalo Sorondo
0%
USA, 2 Gregg Berhalter
0%
PAR, 2 Guido Alvarenga
0%
PAR, 0(1) Gustavo Morinigo
0%
URU, 3 Gustavo Varela
0%
CRC, 3 Harold Wallace
0%
TUN, 2 Hassen Gabsi
0%
KSA, 3 Hussein Sulaimani
0%
KOR, 3(2)/1 Hwang Sun?hong
0%
KSA, 2(1) Ibrahim Al?Shahrani
0%
TUN, 0(2) Imed Mhedhebi
0%
RSA, 0(1) Jabu Pule
0%
RSA, 0(1) Jacob Lekgetho
0%
NGR, 1 James Obiorah
0%
MEX, 3 Jesus Arellano
0%
ECU, 3 Jose Cevallos
0%
TUN, 1 Jose Clayton
0%
USA, 1(1) Josh Wolff
0%
ESP, 3 Juan Francisco Garcia "JUANFRAN"
0%
CRO, 0(2) Jurica Vranjes
0%
NGR, 2(1) Justice Christopher
0%
TUN, 2 Kaies Ghodhbane
0%
IRL, 4 Kevin Kilbane
0%
TUN, 3 Khaled Badra
0%
CHN, 3 Li Xiaopeng
0%
CRC, 3 Luis Marin
0%
RSA, 0(1) MacDonald Mukasi
0%
MEX, 4 Manuel Vidrio
0%
SLO, 1 Marinko Galic
0%
URU, 0(2) Mario Regueiro
0%
SLO, 2 Marko Simeunovic
0%
ECU, 1(2) Marlon Ayovi
0%
SLO, 2(1) Milan Osterc
0%
SLO, 3 Miran Pavlin
0%
SLO, 1 Mladen Dabanovic
0%
SLO, 2(1) Mladen Rudonja
0%
KSA, 3 Mohamed Al?Deayea
0%
TUN, 1 Mohamed Mkacher
0%
KSA, 0(1) Mohammad Al?Shalhoub
0%
KSA, 2 Mohammed Al?Jahani
0%
KSA, 1(1) Mohammed Noor
0%
TUN, 2 Mourad Melki
0%
SLO, 1 Muamer Vugdalic
0%
TUR, 0(1) Muzzy Izzet
0%
SLO, 0(2) Nastja Ceh
0%
KSA, 3 Nawaf Al?Temyat
0%
ECU, 0(1) Nicolas Asencio
0%
TUR, 0(1) Ömer Catkic
0%
USA, 3 Pablo Mastroeni
0%
URU, 3 Paolo Montero
0%
SEN, 1 Pape Thiaw
0%
CAM, 0(2) Patrick Suffo
0%
RSA, 1 Pierre Issa
0%
NGR, 0(3) Pius Ikedia
0%
RSA, 3/1 Quinton Fortune
0%
TUN, 3 Radhi Jaïdi
0%
SLO, 1 Rajko Tavcar
0%
TUN, 3/1 Raouf Bouzaiene
0%
ECU, 3 Raul Guerron
0%
KSA, 3 Redha Tukar
0%
DEN, 4 Rene Henriksen
0%
TUN, 3 Riadh Bouazizi
0%
PAR, 1 Ricardo Tavarelli
0%
PAR, 4 Roberto Acuna
0%
RUS, 2 Ruslan Pimenov
0%
MEX, 4 Salvador Carmona
0%
SLO, 0(1) Sasa Gajser
0%
SLO, 2(1)/1 Sebastjan Cimirotic
0%
TUN, 3 Selim Ben Achour
0%
SLO, 0(1) Senad Tiganj
0%
RSA, 2 Sibusiso Zuma
0%
MEX, 1(2) Sigifredo Mercado
0%
SLO, 1(1) Spasoje Bulajic
0%
CRC, 0(3) Steven Bryce
0%
BEL, 0(1) Sven Vermant
0%
RSA, 0(1) Thabang Molefe
0%
TUR, 7 Tugay Kerimoglu
0%
TUR, 2 Ümit Özat
0%
CRC, 3 Walter Centeno
0%
SLO, 3 Zeljko Milinovic
0%
CRO, 2 Zvonimir Soldo
0%
No matching quizzes found
Score Distribution
Percent of People with Each Score
Percentile by Number Answered
Your Score History
You have not taken this quiz